| 000 | 00466nam a22001337a 4500 | ||
|---|---|---|---|
| 020 | _a9781350076150 | ||
| 082 |
_a371.1024 _bCLA |
||
| 245 |
_aClassroom Behaviour Management in Further, Adults and Vocational Education: _bmoving beyond control? / _cEdited by Denise Robinson |
||
| 260 |
_aLondon : _bBloomsbury Academic, _c2019. |
||
| 300 |
_a151p. ; _c24 cm. |
||
| 700 |
_aDenise Robinson _989919 |
||
| 942 |
_2ddc _cBK |
||
| 999 |
_c588401 _d588401 |
||